00623nam a2200181Ia 4500952013200000999001700132003000400149005001700153008004100170020001800211040000900229082001800238100003100256245005700287260004600344300000900390942004200399 00102ddc40708ISLAMaMESbMEScISLd2019-02-20g1266.00l0o297.63 SCH/Ap38042r2019-02-20 00:00:00w2019-02-20yBKzGL46R4 c23110d23110OSt20200611144106.0190216s9999||||xx |||||||||||||| ||und|| a9789675062032 coclc a297.63bSCH/A a Schimmel, Annemarie92456 4aAnd Muhammad Is His Messenger /cAnnemarie Schimmel bIslamic Book Trust,c2008.aKuala Lumpur: a377p cBK2ddch297.63iSCH/Ak297.63mSCH/A